| 000 -LEADER |
| fixed length control field |
01601cam a2200289 a 4500 |
| 001 - CONTROL NUMBER |
| control field |
15281694 |
| 005 - DATE AND TIME OF LATEST TRANSACTION |
| control field |
20161130093414.0 |
| 008 - FIXED-LENGTH DATA ELEMENTS--GENERAL INFORMATION |
| fixed length control field |
080429s2008 nyuaf b 001 0 eng |
| 010 ## - LIBRARY OF CONGRESS CONTROL NUMBER |
| LC control number |
2008019767 |
| 020 ## - INTERNATIONAL STANDARD BOOK NUMBER |
| International Standard Book Number |
9780738211039 (alk. paper) |
| 040 ## - CATALOGING SOURCE |
| Original cataloging agency |
DLC |
| Transcribing agency |
DLC |
| Modifying agency |
DLC |
| 050 00 - LIBRARY OF CONGRESS CALL NUMBER |
| Classification number |
ND623.L5D35 2008 |
| Item number |
D35 2008 |
| 082 00 - DEWEY DECIMAL CLASSIFICATION NUMBER |
| Edition number |
22 |
| 100 1# - MAIN ENTRY--PERSONAL NAME |
| Personal name |
Davis, Margaret Leslie. |
| 245 10 - TITLE STATEMENT |
| Title |
Mona Lisa in Camelot : |
| Remainder of title |
how Jacqueline Kennedy and Da Vinci's masterpiece charmed and captivated a nation / |
| Statement of responsibility, etc. |
Margaret Leslie Davis. |
| 260 ## - PUBLICATION, DISTRIBUTION, ETC. (IMPRINT) |
| Place of publication, distribution, etc. |
New York : |
| Name of publisher, distributor, etc. |
Da Capo Press, |
| Date of publication, distribution, etc. |
c2008. |
| 300 ## - PHYSICAL DESCRIPTION |
| Extent |
x, 278 p., [16] p. of plates : |
| Other physical details |
ill. ; |
| Dimensions |
22 cm. |
| 504 ## - BIBLIOGRAPHY, ETC. NOTE |
| Bibliography, etc |
Includes bibliographical references (p. 259-262) and index. |
| 505 0# - FORMATTED CONTENTS NOTE |
| Formatted contents note |
Art enthusiasts -- Whispered promise -- Unexpected request -- Bombshell in the Louvre -- La Joconde must not leave -- Chat with the Mona Lisa -- Queenly voyage -- Director's inspection -- Evening to remember -- "Let them see a little Rembrandt, too" -- Manhattan falls in love -- City of light beckons -- Final bows. |
| 600 00 - SUBJECT ADDED ENTRY--PERSONAL NAME |
| Personal name |
Leonardo, |
| Titles and other words associated with a name |
da Vinci, |
| Dates associated with a name |
1452-1519. |
| Title of a work |
Mona Lisa. |
| 600 10 - SUBJECT ADDED ENTRY--PERSONAL NAME |
| Personal name |
Onassis, Jacqueline Kennedy, |
| Dates associated with a name |
1929-1994. |
| 650 #0 - SUBJECT ADDED ENTRY--TOPICAL TERM |
| Topical term or geographic name as entry element |
Art |
| General subdivision |
Exhibitions |
| -- |
History |
| Chronological subdivision |
20th century. |
| 856 41 - ELECTRONIC LOCATION AND ACCESS |
| Materials specified |
Table of contents only |
| Uniform Resource Identifier |
<a href="http://www.loc.gov/catdir/toc/ecip0817/2008019767.html">http://www.loc.gov/catdir/toc/ecip0817/2008019767.html</a> |
| 906 ## - LOCAL DATA ELEMENT F, LDF (RLIN) |
| a |
7 |
| b |
cbc |
| c |
orignew |
| d |
1 |
| e |
ecip |
| f |
20 |
| g |
y-gencatlg |
| 942 ## - ADDED ENTRY ELEMENTS (KOHA) |
| Source of classification or shelving scheme |
|
| Koha item type |
Hard Covered Materials |
| Classification part |
ND623.L5D35 2008 |